Statistics for Eurovision Song Lyrics - Denmark

Click here to take the quiz!

General Stats

  • This quiz has been taken 13 times
  • The average score is 140 of 225

Answer Stats

Answer% Correct
a
92%
can
92%
I
92%
sand
92%
Sand,
92%
Like
83%
like
83%
we
83%
We
83%
and
75%
it
75%
me
75%
my
75%
of
75%
the
75%
be
67%
built
67%
castle
67%
do
67%
feel
67%
hands
67%
in
67%
out
67%
see
67%
so
67%
through
67%
us
67%
you
67%
You
67%
Baby,
58%
blue
58%
breathing
58%
by
58%
get
58%
Guess
58%
hard
58%
No,
58%
on
58%
Shouldn't
58%
shouldn't
58%
slipping
58%
something
58%
under
58%
water
58%
Ain't
50%
air
50%
been
50%
Bits
50%
can't
50%
care
50%
coming
50%
couldn't
50%
Didn't
50%
didn't
50%
everywhere
50%
had
50%
lying
50%
mind
50%
nothing
50%
pieces
50%
right
50%
this
50%
we're
50%
were
50%
we've
50%
anymore
42%
Falling
42%
floor
42%
into
42%
just
42%
night
42%
Now
42%
side
42%
strangers
42%
up
42%
Yesterday
42%
But
33%
fighting
33%
is
33%
Pictures
33%
there
33%
throwing
33%
(Uh
33%
memories
25%
uhh…)
25%
eating
17%
ѕаnd
0%

Score Distribution

Percentile by Number Answered

Percent of People with Each Score

Your Score History

You have not taken this quiz